| 000 -LEADER |
| fixed length control field |
00386pab a2200157 454500 |
| 008 - FIXED-LENGTH DATA ELEMENTS--GENERAL INFORMATION |
| fixed length control field |
180718b1989 xxu||||| |||| 00| 0 eng d |
| 100 ## - MAIN ENTRY--PERSONAL NAME |
| Personal name |
Birge, J.R. |
| 245 ## - TITLE STATEMENT |
| Title |
Modelling rural police patrol |
| 260 ## - PUBLICATION, DISTRIBUTION, ETC. |
| Date of publication, distribution, etc. |
1989 |
| 300 ## - PHYSICAL DESCRIPTION |
| Extent |
41-54 |
| 362 ## - DATES OF PUBLICATION AND/OR SEQUENTIAL DESIGNATION |
| Dates of publication and/or sequential designation |
Jan. |
| 650 ## - SUBJECT ADDED ENTRY--TOPICAL TERM |
| Topical term or geographic name entry element |
Police Patrol |
| 700 ## - ADDED ENTRY--PERSONAL NAME |
| Personal name |
S.M. Pollock |
| 773 ## - HOST ITEM ENTRY |
| Main entry heading |
Journal of the Operational Research Society |
| 909 ## - |
| -- |
15210 |